[Event "Buenos Aires Anaya Memorial 1st"]
[Site "Buenos Aires"]
[Date "2019.05.24"]
[Round "4.2"]
[White "Rodriguez Vargas, Sergio"]
[Black "Gerola, Pablo"]
[Result "1/2-1/2"]
[WhiteElo "2019"]
[BlackElo "2117"]
[PlyCount "46"]
[EventDate "2019.05.03"]
[EventType "tourn"]
[EventRounds "5"]
[EventCountry "ARG"]
[SourceTitle "EXT 2024"]
[Source "ChessBase"]
[SourceDate "2023.10.10"]
[SourceVersion "1"]
[SourceVersionDate "2023.10.10"]
[SourceQuality "1"]

1. e4 c6 2. d4 d5 3. e5 Bf5 4. Nf3 e6 5. Be2 Nd7 6. 0-0 Ne7 7. Nh4 Bg6 8. c3 Qb6 9. Nxg6 hxg6 10. Qc2 c5 11. dxc5 Qxc5 12. Be3 Qc7 13. f4 a6 14. Nd2 Nf5 15. Bf2 Bc5 16. g3 Bxf2+ 17. Rxf2 Qb6 18. Nf1 Rc8 19. Rd1 Nd4 20. Qd2 Nxe2+ 21. Qxe2 Qc5 22. Nd2 b5 23. Nb3 Qc4 1/2-1/2

[Event "Buenos Aires Anaya Memorial 1st"]
[Site "Buenos Aires"]
[Date "2019.05.03"]
[Round "1.3"]
[White "Ruiz Diaz, Alfredo"]
[Black "Gerola, Pablo"]
[Result "1/2-1/2"]
[WhiteElo "1957"]
[BlackElo "2117"]
[PlyCount "103"]
[EventDate "2019.05.03"]
[EventType "tourn"]
[EventRounds "5"]
[EventCountry "ARG"]
[SourceTitle "EXT 2024"]
[Source "ChessBase"]
[SourceDate "2023.10.10"]
[SourceVersion "1"]
[SourceVersionDate "2023.10.10"]
[SourceQuality "1"]

1. d4 c5 2. Nf3 cxd4 3. Nxd4 Nf6 4. Nc3 e6 5. e3 Nc6 6. Be2 a6 7. Bf3 d5 8. 0-0 e5 9. Nxc6 bxc6 10. e4 d4 11. Ne2 h6 12. c3 c5 13. Bd2 Bd7 14. Ng3 g6 15. cxd4 cxd4 16. Rc1 Bd6 17. Be2 h5 18. Bd3 h4 19. Ne2 h3 20. g3 Qb6 21. b3 Bb5 22. Qc2 Bxd3 23. Qxd3 Qb5 24. Rc4 Nd7 25. Qf3 0-0 26. Rfc1 Kg7 27. Rc6 Ba3 28. R1c4 a5 29. Bc1 Bxc1 30. Nxc1 a4 31. b4 Nb6 32. Qf6+ Kg8 33. R6c5 Qxc4 34. Rxc4 Nxc4 35. Nd3 a3 36. f4 exf4 37. gxf4 Rad8 38. e5 Nb2 39. Qa6 Nxd3 40. Qxd3 Rd5 41. Kf2 Rc8 42. Ke1 Kg7 43. Kd2 Rc3 44. Qe4 Rd7 45. e6 fxe6 46. Qxe6 Rcc7 47. Qxh3 d3 48. Qe3 Rc2+ 49. Kd1 Rxa2 50. Qe5+ Kh7 51. Qe6 Ra1+ 52. Kd2 1/2-1/2

[Event "Moron Mayor Cup Challengers 1819"]
[Site "Moron"]
[Date "2019.??.??"]
[Round "2.2"]
[White "Gerola, Pablo"]
[Black "Gonzalez, Federico1111"]
[Result "1-0"]
[WhiteElo "2113"]
[BlackElo "1995"]
[PlyCount "69"]
[EventDate "2019.04.01"]
[EventType "tourn"]
[EventRounds "7"]
[EventCountry "ARG"]
[SourceTitle "EXT 2024"]
[Source "ChessBase"]
[SourceDate "2023.10.10"]
[SourceVersion "1"]
[SourceVersionDate "2023.10.10"]
[SourceQuality "1"]

1. d4 g6 2. c4 Bg7 3. Nc3 d6 4. e4 Nc6 5. Be3 e5 6. d5 Nd4 7. Nge2 c5 8. dxc6 Nxc6 9. Qd2 f5 10. f3 f4 11. Bf2 Be6 12. Nd5 Nge7 13. 0-0-0 Bxd5 14. cxd5 Na5 15. Nc3 Rc8 16. Kb1 a6 17. Na4 Nc4 18. Bxc4 Rxc4 19. Nb6 Rc7 20. Rc1 0-0 21. Rxc7 Qxc7 22. Rc1 Qd8 23. Qc2 Kf7 24. Qc7 Qxc7 25. Rxc7 Rd8 26. Rxb7 h5 27. Ra7 g5 28. Rxa6 Bf8 29. Ra7 Kg6 30. Rd7 Rxd7 31. Nxd7 Bh6 32. a4 g4 33. a5 g3 34. hxg3 fxg3 35. Bg1 1-0

[Event "Buenos Aires Legislatura op 4th"]
[Site "Buenos Aires"]
[Date "2011.11.30"]
[Round "2"]
[White "Gerola, Pablo"]
[Black "Malbran, Guillermo"]
[Result "1/2-1/2"]
[WhiteElo "1995"]
[BlackElo "2181"]
[PlyCount "79"]
[EventDate "2011.11.29"]
[EventType "swiss"]
[EventRounds "9"]
[EventCountry "ARG"]
[SourceTitle "EXT 2014"]
[Source "ChessBase"]
[SourceDate "2013.11.20"]
[SourceVersion "1"]
[SourceVersionDate "2013.11.20"]
[SourceQuality "1"]

1. d4 Nf6 2. Nf3 c5 3. c3 e6 4. Bf4 Qb6 5. Qb3 Nc6 6. e3 Be7 7. h3 d5 8. Nbd2 Bd7 9. Be2 Rc8 10. Ne5 Nxe5 11. Bxe5 0-0 12. 0-0 Bc6 13. Rfe1 Rfd8 14. Bf1 Nd7 15. Bg3 a6 16. Nf3 cxd4 17. exd4 Bb5 18. Ne5 Nxe5 19. Bxe5 Qc6 20. Bxb5 Qxb5 21. Qxb5 axb5 22. a3 f6 23. Bf4 Kf7 24. Re2 Re8 25. Rae1 Bf8 26. g4 Rc6 27. Kg2 g6 28. h4 h5 29. f3 Be7 30. g5 fxg5 31. Bxg5 Bxg5 32. hxg5 Ke7 33. Re5 Kd7 34. Kg3 Rf8 35. f4 Rf5 36. R5e3 Ke7 37. R1e2 Kf7 38. Rf3 Ke7 39. Ref2 Kd7 40. Kh4 1/2-1/2

[Event "Alfredo Pollio Memorial"]
[Site "Buenos Aires"]
[Date "2009.03.22"]
[Round "8"]
[White "Gerola, Pablo"]
[Black "Yakisich, Marcelo"]
[Result "1-0"]
[WhiteElo "2009"]
[BlackElo "2002"]
[PlyCount "45"]
[EventDate "2009.03.14"]
[EventType "tourn"]
[EventRounds "9"]
[EventCountry "ARG"]
[SourceTitle "CBM 129 Extra"]
[Source "ChessBase"]
[SourceDate "2009.05.05"]
[SourceVersion "2"]
[SourceVersionDate "2009.05.20"]
[SourceQuality "1"]

1. d4 g6 2. c4 Nf6 3. Nc3 Bg7 4. e4 d6 5. f3 c6 6. Be3 0-0 7. Bd3 Nbd7 8. Nge2 e5 9. Qd2 Ne8 10. 0-0-0 a6 11. g4 b5 12. d5 bxc4 13. Bxc4 c5 14. h4 Nb6 15. Bd3 Nc7 16. h5 Nb5 17. Bh6 f6 18. Bxg7 Kxg7 19. hxg6 hxg6 20. Qh6+ Kf7 21. Qh7+ Ke8 22. Qxg6+ Rf7 23. Rh8+ 1-0

[Event "Alfredo Pollio Memorial"]
[Site "Buenos Aires"]
[Date "2009.03.20"]
[Round "7"]
[White "Tomeo, Nicolas"]
[Black "Gerola, Pablo"]
[Result "1/2-1/2"]
[WhiteElo "2009"]
[BlackElo "2009"]
[PlyCount "82"]
[EventDate "2009.03.14"]
[EventType "tourn"]
[EventRounds "9"]
[EventCountry "ARG"]
[SourceTitle "CBM 129 Extra"]
[Source "ChessBase"]
[SourceDate "2009.05.05"]
[SourceVersion "2"]
[SourceVersionDate "2009.05.20"]
[SourceQuality "1"]

1. d4 c5 2. d5 e5 3. e4 d6 4. Nc3 a6 5. Be2 Be7 6. f4 exf4 7. Bxf4 Bg5 8. Qd2 Bxf4 9. Qxf4 Qf6 10. Qe3 Nd7 11. Nf3 Ne5 12. 0-0-0 Qe7 13. Rdf1 Bd7 14. h3 0-0-0 15. Nxe5 dxe5 16. Qg3 f6 17. d6 Qf8 18. Rd1 Bc6 19. Rd2 Nh6 20. Rhd1 Nf7 21. Qe3 Rxd6 22. Rxd6 Nxd6 23. Qxc5 Nb5 24. Qe3 Nd4 25. Bg4+ Kb8 26. Nd5 Qc5 27. Qc3 Qxc3 28. Nxc3 h5 29. Bf3 Bd7 30. Ne2 Nxe2+ 31. Bxe2 Kc7 32. Kd2 Be6 33. Ke3 h4 34. b3 Rd8 35. Rxd8 Kxd8 36. Bc4 Bd7 37. Bd5 Kc7 38. c4 b6 39. b4 a5 40. a3 axb4 41. axb4 Kd6 1/2-1/2

[Event "Faogba-ch Superior"]
[Site "Moron"]
[Date "2002.07.30"]
[Round "4"]
[White "Cabrera Pando, Ramiro"]
[Black "Gerola, Pablo"]
[Result "1-0"]
[WhiteElo "2104"]
[BlackElo "2030"]
[PlyCount "49"]
[EventDate "2002.07.20"]
[EventType "swiss"]
[EventRounds "9"]
[EventCountry "ARG"]
[SourceTitle "EXT 2004"]
[Source "ChessBase"]
[SourceDate "2003.11.25"]
[SourceVersion "1"]
[SourceVersionDate "2003.11.25"]
[SourceQuality "1"]

1. d4 c5 2. d5 e5 3. e4 d6 4. Nc3 Be7 5. f4 exf4 6. Bxf4 Bg5 7. Bb5+ Kf8 8. Bxg5 Qxg5 9. Qe2 a6 10. Nf3 Qe7 11. Bd3 b5 12. 0-0 Bg4 13. e5 dxe5 14. Qxe5 Bxf3 15. Qf4 Nd7 16. Rae1 Qd8 17. Qd6+ Ne7 18. Rxf3 Nf6 19. Qxc5 Rc8 20. Qb4 Qb6+ 21. Kh1 Qc5 22. Qh4 Nexd5 23. Nxd5 Qxd5 24. Rxf6 gxf6 25. Qh6+ 1-0

[Event "Torre Blanca op"]
[Site "Buenos Aires"]
[Date "1999.??.??"]
[Round "5"]
[White "Gerola, Pablo"]
[Black "Flamhum, Hernan"]
[Result "1/2-1/2"]
[WhiteElo "2026"]
[BlackElo "2170"]
[PlyCount "55"]
[EventDate "1999.10.??"]
[EventType "swiss"]
[EventRounds "9"]
[EventCountry "ARG"]
[SourceTitle "EXT 2001"]
[Source "ChessBase"]
[SourceDate "2000.11.22"]
[SourceVersion "1"]
[SourceVersionDate "2000.11.22"]
[SourceQuality "1"]

1. e4 Nf6 2. e5 Nd5 3. c4 Nb6 4. d4 d6 5. exd6 exd6 6. Be3 Be7 7. Nc3 0-0 8. Bd3 N8d7 9. Nf3 Nf6 10. h3 d5 11. c5 Nc4 12. Bxc4 dxc4 13. d5 b6 14. c6 Bb4 15. Qa4 Nxd5 16. 0-0-0 Bxc3 17. bxc3 Nxc3 18. Rxd8 Nxa4 19. Rxf8+ Kxf8 20. Bf4 Nc5 21. Bxc7 Nd3+ 22. Kd2 Nxf2 23. Re1 Be6 24. Bd6+ Kg8 25. c7 Nd3 26. Re4 Rc8 27. Ne5 Nc5 28. Re3 1/2-1/2